000 00349nam a2200157Ia 4500
001 12086
003 IN-NITTTR
005 20251114233113.0
008 251113s9999||||xx |||||||||||||| ||eng||
040 _beng
040 _cIN-NITTTR
041 _aeng
082 _aGEN 003 I8
245 0 _aIntroducing system analysis & design /
942 _2ddc
_cBK
999 _c14722
_d14722